| 000 | 00476cam a2200193ua 4500 | ||
|---|---|---|---|
| 041 |
_aeng _h |
||
| 082 |
_a823.308 _bSTE/TR |
||
| 100 | _aStevenson, Robert Louis . | ||
| 245 |
_aTreasure Island / _cRobert Louis Stevenson. _hTextual Documents |
||
| 250 |
_a1 / _b. |
||
| 260 |
_aLondon : _bE J Arnold & Son Ltd , _c1963. |
||
| 300 | _a96 ; . | ||
| 504 | _a | ||
| 942 | _cBK | ||
| 999 |
_c891 _d891 |
||